All the Chicago Sports Teams - Statistics

General Stats
  • This quiz has been taken 85 times
  • The average score is 7 of 10
Answer Stats
Hint Answer % Correct
Chicago Bulls
96%
Chicago Cubs
96%
Chicago Bears
93%
Chicago Blackhawks
91%
Chicago White sox
90%
Chicago Fire
68%
Chicago Sky
62%
Chicago Wolves
35%
Chicago Red Stars
19%
College Loyola
6%
No matching quizzes found
Score Distribution
Percent of People with Each Score
Percentile by Number Answered
Your Score History
You have not taken this quiz